Global change & ecosystems. Volume 2, Climate change adaptation pathways from molecules to society /

Další autoři: Vačkář, David, 1977-, Janouš, Dalibor
Jazyk: Angličtina
Vydáno: Brno : Global Change Research Institute, Czech Academy of Sciences, 2016
Témata:
Fyzický popis: 160 stran : ilustrace (převážně barevné), mapy ; 21 cm
Knihy
Uloženo v:
LEADER 02342nam a2200577 i 4500
001 nkc20172880781
003 CZ PrNK
005 20171205095213.0
007 ta
008 170216s2016 xr ab f 000 0 eng
015 |a cnb002880781 
020 |a 978-80-87902-17-2  |q (brožováno) 
035 |a (OCoLC)982108121 
040 |a BOA001  |b cze  |d ABA001  |e rda 
072 7 |a 551  |x Geologie. Meteorologie. Klimatologie  |2 Konspekt  |9 7 
080 |a 551.583  |2 MRF 
080 |a 304  |2 MRF 
080 |a 504  |2 MRF 
080 |a 574.4/.5  |2 MRF 
080 |a 57.017.3  |2 MRF 
080 |a (048.8:082)  |2 MRF 
245 0 0 |a Global change & ecosystems.  |n Volume 2,  |p Climate change adaptation pathways from molecules to society /  |c David Vačkář, Dalibor Janouš (editors) 
246 3 0 |a Climate change adaptation pathways from molecules to society 
264 1 |a Brno :  |b Global Change Research Institute, Czech Academy of Sciences,  |c 2016 
300 |a 160 stran :  |b ilustrace (převážně barevné), mapy ;  |c 21 cm 
336 |a text  |b txt  |2 rdacontent 
337 |a bez média  |b n  |2 rdamedia 
338 |a svazek  |b nc  |2 rdacarrier 
500 |a Nad názvem: CzechGlobe 
504 |a Obsahuje bibliografie 
650 0 7 |a klimatické změny  |7 ph134843  |2 czenas 
650 0 7 |a klimatické změny  |7 ph134843  |x sociální aspekty  |2 czenas 
650 0 7 |a globální problémy životního prostředí  |7 ph120569  |2 czenas 
650 0 7 |a ekosystémy  |7 ph114432  |2 czenas 
650 0 7 |a adaptace (biologie)  |7 ph118251  |2 czenas 
650 0 9 |a climate changes  |2 eczenas 
650 0 9 |a climate changes  |x social aspects  |2 eczenas 
650 0 9 |a global environmental change  |2 eczenas 
650 0 9 |a ecosystems  |2 eczenas 
650 0 9 |a adaptation (biology)  |2 eczenas 
655 7 |a kolektivní monografie  |7 fd501537  |2 czenas 
655 9 |a collective monographs  |2 eczenas 
700 1 |a Vačkář, David,  |d 1977-  |7 mzk2006337028  |4 edt 
700 1 |a Janouš, Dalibor  |7 jo2016907240  |4 edt 
910 2 |a BOA001  |b 2-1360.509,2 
928 9 |a Akademie věd České republiky, Ústav výzkumu globální změny 
990 |a BK 
995 |a 01 
991 |b 201703  |c NOV 
996 6 |b 2610700355  |c 2-1360.509,2  |l MZK  |r Sklad / do 1 hodiny  |n 1  |p p.v.  |w 001602536  |u 000010  |a 1  |e BOA001  |j MZK50  |s P 
996 7 |b 2610700356  |c 2-1360.509,2  |l MZK  |r Sklad / do 1 hodiny  |n 3  |p p.v.  |w 001602536  |u 000020  |a 1  |e BOA001  |j MZK50  |s A